000
00282nam a2200097Ia 4500
001
1207279
005
20251016112803.0
008
250824s9999 xx 000 0 und d
245
0
_a
TÜRKÇE DİL BİLGİSİ ÖĞRETME KİTABI
_c
FEYZA HEPÇİLİNGİRLER
260
_b
EVEREST YAYINLARI
999
_c
1207279
_d
1207279